[Event "Santpedor op 5th"]
[Site "Santpedor"]
[Date "2001.??.??"]
[Round "3"]
[White "Armengol Navarro, Salvador"]
[Black "Ferriz Castano, Sergi"]
[Result "1-0"]
[WhiteElo "2280"]
[BlackElo "1700"]
[PlyCount "33"]
[EventDate "2001.09.14"]
[EventType "swiss"]
[EventRounds "7"]
[EventCountry "ESP"]
[SourceTitle "EXT 2003"]
[Source "ChessBase"]
[SourceDate "2002.11.25"]
[SourceVersion "1"]
[SourceVersionDate "2002.11.25"]
[SourceQuality "1"]

1. e4 e5 2. Nc3 d6 3. f4 Nf6 4. Nf3 exf4 5. d4 Bg4 6. Bxf4 Bxf3 7. Qxf3 Nc6 8. 0-0-0 Qd7 9. e5 dxe5 10. dxe5 Qe7 11. exf6 Qxf6 12. Nd5 Qe7 13. Nxc7+ Qxc7 14. Bxc7 Rc8 15. Bc4 Rxc7 16. Rhe1+ Re7 17. Bxf7# 1-0

[Event "Santpedor op 5th"]
[Site "Santpedor"]
[Date "2001.??.??"]
[Round "4"]
[White "Ferriz Castano, Sergi"]
[Black "Creus Girabal, Josep Maria"]
[Result "0-1"]
[WhiteElo "1700"]
[BlackElo "1800"]
[PlyCount "44"]
[EventDate "2001.09.14"]
[EventType "swiss"]
[EventRounds "7"]
[EventCountry "ESP"]
[SourceTitle "EXT 2003"]
[Source "ChessBase"]
[SourceDate "2002.11.25"]
[SourceVersion "1"]
[SourceVersionDate "2002.11.25"]
[SourceQuality "1"]

1. e4 e5 2. Nf3 Nc6 3. Bc4 Bc5 4. d3 h6 5. Nc3 d6 6. Be3 Bxe3 7. fxe3 Na5 8. b3 Nxc4 9. bxc4 Be6 10. d4 exd4 11. Qxd4 Nf6 12. e5 dxe5 13. Qxd8+ Rxd8 14. Nxe5 0-0 15. 0-0 Nd7 16. Nb5 Nxe5 17. Nxc7 Bxc4 18. Rf5 f6 19. Rf4 Rd7 20. Re1 Rxc7 21. Rd4 Rd7 22. Rxd7 Nxd7 0-1